Missing Word: January Days Quiz Stats

 Plays Quiz Updated Feb 29, 2016

Challenge
Share
Tweet
Embed
Score 0/31 Timer 05:00
0 Plays Today
Holiday Word % Correct
_____ the Pooh DayWinnie
95.5%
55 MPH _____ Limit DaySpeed
94.4%
Make Your Dreams Come _____ DayTrue
94.1%
Strawberry _____ Cream DayIce
93.5%
Show and _____ Day at WorkTell
93.2%
National _____ God It's Monday DayThank
92.8%
New England _____ Chowder DayClam
90.7%
Rhubarb _____ DayPie
90.2%
Cigarettes Are _____ to Your Health DayHazardous
87.6%
_____ Globetrotters DayHarlem
86.8%
National _____ Enforcement Appreciation DayLaw
86.3%
National _____ Brittle DayPeanut
83.4%
Roe v. _____ DayWade
83%
_____ Eye Guide Dog BirthdaySeeing
82.9%
J.R.R. _____ DayTolkien
82.1%
Caesarean _____ DaySection
79.5%
Holiday Word % Correct
National Bloody _____ DayMary
69.4%
International Hot & _____ Food DaySpicy
67%
International Mobile _____ Recycling DayPhone
63.1%
Appreciate Your _____ Security Check DaySocial
63%
Ditch New Year's _____ DayResolutions
60.9%
Tin _____ DayCan
54.7%
School Day of Non-_____ and PeaceViolence
50.6%
Bittersweet _____ DayChocolate
45.5%
Macintosh _____ DayComputer
45.4%
Epiphany, or Three _____ DayKings
41.7%
National _____ Jockey DayDisc
41%
National _____ Cream DayWhipped
40.7%
Curried _____ DayChicken
34%
National Blueberry _____ DayPancake
22.2%
Talk Like a Grizzled _____ DayProspector
6.6%

Today's Daily Dose

You're not logged in!

Compare scores with friends on all Sporcle quizzes.
Join for Free
OR
Log In

You Might Also Like...

Show Comments

Extras

Top Quizzes Today


Score Distribution

Your Account Isn't Verified!

In order to create a playlist on Sporcle, you need to verify the email address you used during registration. Go to your Sporcle Settings to finish the process.

Report this User

Report this user for behavior that violates our Community Guidelines.

Details: